00762nam a22001937a 4500003000200000005001700002008004100019050002400060100002600084245010300110260007100213300002800284500005200312504005800364650002600422650004700448650003500495650003800530020250213115259.0250213b xxu||||| |||| 00| 0 eng d aSF 487 b.Iz99 2023 aIzumi, Maveric Kohkie aDevelopment of poultry management and identification system for Terra HuevoscMaveric Kohkie Izumi aLas Pinas CitybSouthville International School and Collegesc2023 axii, 171 pages ;c28cm. aBachelor of Science in Information Technology.  aIncludes bibliographical references and appendices.  aPoultry—Management. aFarm management—Technology applications. aPoultry industry—Automation. aLivestock identification systems.